000 00685nam a2200253Ia 4500
003 OSt
005 20221005083057.0
006 a|||||r|||| 00| 0
007 ta
008 221004b |||||||| |||| 00| 0 eng d
020 _a8185229473
024 _a68851
037 _cTextual
040 _aCRL
_cCRL
_beng
041 _2eng
_aeng
082 _aY15:4.2, P1
100 _aBannerji Himani
245 0 _aInventing subjects
_b Studies in Hegemony, Patriarchy and Colonialism
260 _aNew Delhi
_bTulika Books India
_c2001
300 _a222p.
_ccm.
650 _aSOCIOLOGY
942 _hY15:4.2, P1
_cTEXL
_2cc
999 _c990259
_d990259